000
00277nam a2200109Ia 4500
008
200302s9999 xx 000 0 und d
100
_a
Tony Chapman
245
_a
Architcture 08 the guide to the riba awards
260
_b
Merrell Publishiers Ltd.
260
_c
2008
300
_a
216
999
_c
6742
_d
6742